[Event "Huesca Province-ch"]
[Site "Sabinanigo"]
[Date "2016.11.12"]
[Round "5"]
[White "Miret Munoz, Cesar"]
[Black "Sorinas Citoler, Ramon"]
[Result "0-1"]
[WhiteElo "1569"]
[BlackElo "1537"]
[PlyCount "142"]
[EventDate "2016.10.15"]
[EventType "swiss"]
[EventRounds "7"]
[EventCountry "ESP"]
[SourceTitle "EXT 2018"]
[Source "ChessBase"]
[SourceDate "2017.10.13"]
[SourceVersion "1"]
[SourceVersionDate "2017.10.13"]
[SourceQuality "1"]

1. d4 Nf6 2. Nf3 d5 3. Bf4 e6 4. e3 c5 5. c3 c4 6. Nbd2 Be7 7. Be2 0-0 8. 0-0 Nc6 9. b3 cxb3 10. axb3 Nh5 11. Be5 f6 12. Ne1 fxe5 13. Bxh5 exd4 14. exd4 b6 15. Nc2 e5 16. dxe5 Nxe5 17. Nf3 Bg4 18. Bxg4 Nxg4 19. h3 Nf6 20. Ncd4 Qd6 21. Nf5 Qd7 22. Qd3 Rad8 23. Rfe1 Ne4 24. Nxe7+ Qxe7 25. c4 Qb7 26. cxd5 Nf6 27. d6 Rd7 28. Ne5 Rdd8 29. Qc4+ Kh8 30. Qc7 Qxc7 31. dxc7 Ra8 32. Nc6 Nd5 33. Rxa7 Rxa7 34. Nxa7 Nxc7 35. Re7 Nd5 36. Rd7 Nc3 37. Rd6 b5 38. Rb6 Ne2+ 39. Kf1 Nd4 40. Nxb5 Nxb3 41. Nc7 Nc1 42. Ne6 Re8 43. Rb7 Nd3 44. g3 g6 45. Ng5 Rf8 46. f3 h5 47. Ke2 Nc5 48. Rb6 Kg7 49. Rc6 Re8+ 50. Kd1 Nd3 51. Ne6+ Kh6 52. Kd2 Ne5 53. Rb6 Nc4+ 54. Kd3 Nxb6 55. Nf4 Rd8+ 56. Ke4 Re8+ 57. Kd3 g5 58. Ne2 Nd5 59. Ng1 Nb4+ 60. Kd2 Nd5 61. Ne2 Rd8 62. Ke1 Re8 63. Kf2 Ne3 64. Nc3 g4 65. hxg4 hxg4 66. Ne4 Nd1+ 67. Ke2 Nc3+ 68. Kd3 Nxe4 69. fxe4 Kg5 70. Kd4 Kf6 71. Kd5 Rd8+ 0-1